书目信息 |
| 题名: |
嘉利妹妹
|
|
| 作者: | 德莱塞 著 ;非常英语学生课外阅读丛书编写组 编 | |
| 分册: | ||
| 出版信息: | 北京 外文出版社 2005.01 |
|
| 页数: | 189页 | |
| 开本: | 19cm | |
| 丛书名: | 非常英语 | |
| 单 册: | ||
| 中图分类: | H319.4:I | |
| 科图分类: | ||
| 主题词: | 英语课--ying yu ke--课外读物 , 长篇小说--chang pian xiao shuo--美国--近代 | |
| 电子资源: | ||
| ISBN: | 7-119-04026-X | |
| 000 | 01221nam 2200265 450 | |
| 001 | 012007639116 | |
| 005 | 20071009101254.89 | |
| 010 | @a7-119-04026-X@dCNY8.80 | |
| 100 | @a20070803d2005 km y0chiy0120 ea | |
| 101 | 2 | @achi@aeng@ceng |
| 102 | @aCN@b110000 | |
| 105 | @ay z 000yy | |
| 200 | 1 | @a嘉利妹妹@Ajia li mei mei@e英汉对照@f(英) 西奥多·德莱塞著@F(ying)xi ao duo·de lai sai zhu@g《非常英语学生课外阅读丛书》编写组编@G《fei chang ying yu xue sheng ke wai yue du cong shu》bian xie zu bian |
| 210 | @a北京@c外文出版社@d2005.01 | |
| 215 | @a189页@d19cm | |
| 225 | 2 | @a非常英语@Afei chang ying yu@i学生课外阅读丛书 |
| 330 | @a本书讲述了一个18岁的乡下少女带着一个箱子来到芝加哥,只身闯世界故事,在各种欺骗,诱惑,蔑视与玩弄之中,她学会了自己保护自己,抓住机遇,通过自身条件与机遇,终于在美国这样一个商业社会取得了成功。 | |
| 410 | 0 | @12001 @a非常英语@i学生课外阅读丛书 |
| 606 | 0 | @a英语课@Aying yu ke@j课外读物 |
| 606 | 0 | @a长篇小说@Achang pian xiao shuo@y美国@z近代 |
| 690 | @aH319.4:I@v4 | |
| 701 | 1 | @a德莱塞@Ade lai sai@g(Dreiser, T.)@4著 |
| 712 | 02 | @a非常英语学生课外阅读丛书编写组@Afei chang ying yu xue sheng ke wai yue du cong shu bian xie zu@4编 |
| 801 | 0 | @aCN@c20071009 |
| 905 | @dH319.4:I@eD216 | |
| 嘉利妹妹:英汉对照/(英) 西奥多·德莱塞著/《非常英语学生课外阅读丛书》编写组编.-北京:外文出版社,2005.01 |
| 189页;19cm.-(非常英语.学生课外阅读丛书) |
| ISBN 7-119-04026-X:CNY8.80 |
| 本书讲述了一个18岁的乡下少女带着一个箱子来到芝加哥,只身闯世界故事,在各种欺骗,诱惑,蔑视与玩弄之中,她学会了自己保护自己,抓住机遇,通过自身条件与机遇,终于在美国这样一个商业社会取得了成功。 |
| ● |
| 相关链接 |
|
|
|
正题名:嘉利妹妹
索取号:H319.4:I/D216
 
预约/预借
| 序号 | 登录号 | 条形码 | 馆藏地/架位号 | 状态 | 备注 |
| 1 | 251763 | 202517632 | 语言库209/209语言库 23排1列5层/ [索取号:H319.4:I/D216] | 在馆 | |
| 2 | 251764 | 202517641 | 语言库209/209语言库 23排1列5层/ [索取号:H319.4:I/D216] | 在馆 | |
| 3 | 251765 | 202517650 | 语言库209/209语言库 23排1列5层/ [索取号:H319.4:I/D216] | 在馆 |